Hive mind how your nation's IQ matters so much more than your own
Salvato in:
| Autore principale: | |
|---|---|
| Natura: | Libro |
| Lingua: | inglese |
| Pubblicazione: |
Stanford
Stanford University Press/Stanford Economics and Finance
2016
|
| Serie: | Economics
|
| Soggetti: | |
| Tags: |
Nessun Tag, puoi essere il primo ad aggiungerne!!
|
MARC
| LEADER | 00000nam a2200000 4500 | ||
|---|---|---|---|
| 001 | 0226732 | ||
| 005 | 20240306140319.0 | ||
| 020 | |a 978-1-5036-0067-6 (pbk) | ||
| 041 | 0 | |a eng | |
| 044 | |a US | ||
| 245 | 1 | 0 | |a Hive mind |b how your nation's IQ matters so much more than your own |c Garett Jones |
| 264 | 1 | |a Stanford |b Stanford University Press/Stanford Economics and Finance |c 2016 | |
| 300 | |a 205 s. | ||
| 490 | 1 | |a Economics | |
| 830 | 0 | |a Economics | |
| 610 | 2 | 0 | |a národ |
| 610 | 2 | 0 | |a vzdelanie |
| 610 | 2 | 0 | |a inteligencia |
| 610 | 2 | 0 | |a úroveň životná |
| 610 | 2 | 0 | |a dôsledky sociálne |
| 610 | 2 | 0 | |a situácia hospodárska |
| 610 | 2 | 0 | |a politika |
| 610 | 2 | 0 | |a porovnanie medzinárodné |
| 610 | 2 | 0 | |a kooperácia |
| 610 | 2 | 0 | |a imigrácia |
| 610 | 2 | 0 | |a psychológia |
| 100 | 1 | |a Jones, Garett | |